1003 1935 1213 1697 1475 1656 1443 1186 1427 1540 1616 1732 1604 1741 1573 1008 1998 1614 1889 1774 1122 1665 1067 1917 1768 1864 1857 1168 1784 1250 1951 1933 1201 1159 1857 1452 1363 1545 1969 1924 1919 1119 1383 1236 1198 1524 1745 1097 1002 1034 1190 1839 1604 1984 1846 1308 1695 1538 1717 1246 1261 1063 1227 1951 1417 1089 1472 1160 1311 1648 1051 1920 1385 1825 1232 1015 1842 1499 1240 1298 1434 1265 1314 1982 1570 1782 1587 1367 1158 1072 1263 1885 1167 1172 1833 1064 1857 1172 1756 BCNSPRNW ULIB Ver.6.0+V

เปลี่ยนเป็นภาษาไทย

Change to English
 แสดงรายละเอียดบรรณานุกรม
  กลับหน้าหลัก

Brief Record : Get Marc (ISO 2709) : E-mail record : QR code < ปิดหน้าต่าง
LEADER : 00000nam 2200000uu 4500
001    13399122349
003     ULIB
008    130220s2548||||th 000 0 tha d
099    ^aวจ.WY85^bศ486ก
100 0  ^aศิริวรรณ แซ่เตียว, อมร ไกรดิษฐ์, จริยา พรหมสุวรรณ และทิพย์สุคนธ์ กิจรุ่งโรจน์
245 00 ^aทัศนคติเชิงจริยธรรมของนักศึกษาหลักสูตรพยาบาลศาสตรบัณฑิต วิทยาลัยพยาบาลบรมราชชนนี สงขลา^cโดยศิริวรรณ แซ่เตียว, อมร ไกรดิษฐ์, จริยา พรหมสุวรรณ และทิพย์สุคนธ์ กิจรุ่งโรจน์
260    ^aสงขลา:^bวิทยาลัยพยาบาลบรมราชชนนี สงขลา,^c2548
300    ^a73 หน้า
650  0 ^aจริยธรรมวิชาชีพพยาบาล^xวิจัย
700 0  ^aอมร ไกรดิษฐ์
700 0  ^aจริยา พรหมสุวรรณ
700 0  ทิพย์สุคนธ์ กิจรุ่งโรจน์
945    ^p0^l0^i033598
999    ^aเกษร โพธิ์สุวรรณ
รายการนี้ยังไม่มีแท็ก
คุณยังไม่ได้ล็อกอิน คุณสามารถมีกิจกรรมร่วมกับเว็บไซต์ได้ แต่ต้องล็อกอินก่อน ::
  ล็อกอิน

รายการสื่อสารสนเทศ

ลำดับที่ ประเภท เลขเรียก/บาร์โค้ด สถานที่ สถานะ
1. งานวิจัย
งานวิจัย
วจ.WY85 ศ486ก  
  Barcode: 033598
ห้องสมุดวิทยาเขตสวรรค์ประชารักษ์
►วิจัย
บนชั้น

BibComment


ยังไม่เคยถูกคอมเมนท์

คอมเมนท์ทรัพยากรรายการนี้
  คอมเมนท์: ทัศนคติเชิงจริยธ..


 Copyright 2026. Bcnsprnw @Library